L'Égypte /

محفوظ في:

المؤلف الرئيسي: Minvielle, Pierre.

التنسيق: كتاب

اللغة: French

منشور في: Paris : Larousse, 1997.

سلاسل: Monde et voyages.

الموضوعات:

الوسوم: إضافة وسم

لا توجد وسوم, كن أول من يضع وسما على هذه التسجيلة!

رقم الطلب: DT49 .M5 1997

LEADER 00680nam a2200241Ia 4500
003 OSt
005 20241106072153.0
008 240329s1997 fr abc 001 0 fre d
999 |c 57897  |d 57897 
020 |a 9782035140128 
020 |a 2035140129 
040 |c ARCE Library 
050 4 |a DT49 .M5 1997 
100 1 |a Minvielle, Pierre. 
245 1 0 |a L'Égypte /   |c Pierre Minvielle. 
264 1 |a Paris :  |b Larousse,  |c 1997. 
300 |a 158 pages :   |b illustrations (some color), maps, portraits ;   |c 29 cm. 
490 0 |a Monde et voyages. 
500 |a Includes index. 
650 0 |a Egypt   |x Civilization. 
650 0 |a Egypt   |x Description and travel. 
901 |a reviewed 
942 |2 lcc  |c BK